[Event "World Blitz 2023"]
[Site "Samarkand UZB"]
[Date "2023.12.29"]
[EventDate "2023.12.29"]
[Round "7.56"]
[Result "1/2-1/2"]
[White "Tigran K Harutyunyan"]
[Black "Alan Pichot"]
[WhiteElo "2407"]
[BlackElo "2592"]
[PlyCount "344"]

1. d4 Nf6 2. Nf3 d5 3. c4 e6 4. Nc3 dxc4 5. e4 b5 6. e5 Nd5 7. Nxb5 Nb6 8.
Be2 Nc6 9. O-O Be7 10. Qd2 Qd7 11. Qf4 O-O 12. Qg4 f5 13. exf6 Bxf6 14. Be3
Rb8 15. Nc3 Qe7 16. Qg3 e5 17. dxe5 Nxe5 18. Rfe1 Nxf3+ 19. Bxf3 Qb4 20.
Qxc7 Bf5 21. Bc5 Qxb2 22. Bxf8 Rxf8 23. Nd5 Bd4 24. Ne7+ Kh8 25. Nxf5 Qxf2+
26. Kh1 Bxa1 27. Rxa1 Qb2 28. Re1 Qc3 29. Rd1 Qf6 30. Ng3 Rc8 31. Qd6 Qf7
32. Qd8+ Qf8 33. Qxf8+ Rxf8 34. Ne4 h6 35. Kg1 Rf5 36. Rc1 Ra5 37. Rc2 Kg8
38. Nd2 c3 39. Ne4 Na4 40. Nxc3 Rc5 41. Nxa4 Rxc2 42. Bd5+ Kf8 43. Bb3 Rd2
44. Nc5 Ke7 45. Kf1 Rb2 46. h3 Kd6 47. Nd3 Rd2 48. Nf4 Ke5 49. Ne2 g5 50.
Ke1 Rb2 51. Kd1 a5 52. Ke1 h5 53. Kf1 g4 54. hxg4 hxg4 55. g3 Ke4 56. Nc1
Kf3 57. Bd5+ Kxg3 58. Ne2+ Kh2 59. Ke1 g3 60. Nxg3 Kxg3 61. Kd1 Kf4 62. Kc1
Rf2 63. Bb3 Ke4 64. Bc2+ Kd4 65. Kb2 Kc4 66. a3 Rh2 67. a4 Rg2 68. Kb1 Kc3
69. Be4 Rb2+ 70. Ka1 Re2 71. Bd5 Kb4 72. Bc6 Rd2 73. Kb1 Kb3 74. Bf3 Kxa4
75. Kc1 Rd3 76. Be2 Rd4 77. Kc2 Kb4 78. Bf3 Rf4 79. Bd5 Rf5 80. Be6 Re5 81.
Bf7 Re2+ 82. Kb1 Ka3 83. Bg8 Rb2+ 84. Kc1 Rb6 85. Kc2 Rg6 86. Bf7 Rf6 87.
Bg8 Rc6+ 88. Kb1 Rc8 89. Bf7 Rb8+ 90. Kc2 Rb6 91. Bg8 Kb4 92. Kb2 Rf6 93.
Ka2 Rf2+ 94. Kb1 Ka3 95. Be6 Rb2+ 96. Kc1 Rb5 97. Kc2 Re5 98. Bf7 Rf5 99.
Bg8 Rf2+ 100. Kb1 Kb4 101. Kc1 Kc3 102. Kb1 Rb2+ 103. Ka1 Rb6 104. Ka2 Rd6
105. Ka3 Rd1 106. Ka2 Rd2+ 107. Ka3 Rg2 108. Bf7 Rg3 109. Ka4 Rg5 110. Be8
Kc4 111. Bf7+ Kd4 112. Be8 Kc5 113. Bf7 Rf5 114. Bg8 Kb6 115. Be6 Re5 116.
Bf7 Re4+ 117. Ka3 Kb5 118. Bg8 Ra4+ 119. Kb3 Rg4 120. Bf7 a4+ 121. Ka3 Rf4
122. Bg8 Rf3+ 123. Ka2 Kb4 124. Kb2 Rg3 125. Bf7 Rg2+ 126. Kb1 Ka3 127. Kc1
Rb2 128. Bg8 Rb6 129. Bf7 Rb7 130. Bg8 Rb6 131. Bf7 Rf6 132. Bg8 Rf2 133.
Kb1 Rg2 134. Bf7 Kb4 135. Be6 Kc3 136. Bf7 a3 137. Ka1 Kb4 138. Kb1 Rf2
139. Bg8 Rf6 140. Ka1 Kc3 141. Ka2 Rb6 142. Bf7 Rb7 143. Bg8 Rb2+ 144. Ka1
Re2 145. Bf7 Kb4 146. Bg8 Re5 147. Ka2 Rg5 148. Bf7 Rg2+ 149. Ka1 a2 150.
Bxa2 Ka3 151. Bb1 Re2 152. Bf5 Kb3 153. Bg6 Ra2+ 154. Kb1 Rf2 155. Ka1 Rf1+
156. Bb1 Kc3 157. Ka2 Rf6 158. Bh7 Rf7 159. Bg6 Ra7+ 160. Kb1 Rb7+ 161. Ka1
Kb3 162. Bf5 Re7 163. Bg6 Ra7+ 164. Kb1 Rg7 165. Bc2+ Kc3 166. Bf5 Rb7+
167. Ka1 Rb5 168. Bg6 Rb6 169. Bh7 Ra6+ 170. Kb1 Ra8 171. Bg6 Rf8 172. Bh7
1/2-1/2

[Event "World Blitz 2023"]
[Site "Samarkand UZB"]
[Date "2023.12.29"]
[EventDate "2023.12.29"]
[Round "7.57"]
[Result "0-1"]
[White "Vugar Asadli"]
[Black "Benjamin Haldorsen"]
[WhiteElo "2584"]
[BlackElo "2405"]
[PlyCount "58"]

1. e4 c5 2. Nc3 Nc6 3. Nf3 e6 4. d4 cxd4 5. Nxd4 Qc7 6. g4 a6 7. Be3 h6 8.
Qd2 Ne5 9. f3 Bb4 10. O-O-O Nf6 11. h4 d5 12. a3 Bxc3 13. Qxc3 Qxc3 14.
bxc3 dxe4 15. Bg2 exf3 16. Nxf3 Nfxg4 17. Bd4 Nc6 18. Bb6 O-O 19. c4 e5 20.
Nd2 f5 21. Nb3 e4 22. Rd6 Nce5 23. Nd2 Bd7 24. Bd4 Bc6 25. Rg1 Rae8 26. c5
e3 27. Nb3 Bxg2 28. Rxg2 f4 29. Bxe5 Nxe5 0-1

[Event "World Blitz 2023"]
[Site "Samarkand UZB"]
[Date "2023.12.29"]
[EventDate "2023.12.29"]
[Round "7.58"]
[Result "1/2-1/2"]
[White "Sabino Brunello"]
[Black "Daniyal Sapenov"]
[WhiteElo "2573"]
[BlackElo "2289"]
[PlyCount "178"]

1. c4 e5 2. g3 g6 3. Bg2 Bg7 4. Nc3 Ne7 5. e3 O-O 6. Nge2 Nbc6 7. a3 a5 8.
b3 d6 9. d4 exd4 10. exd4 Nf5 11. Nb5 Re8 12. O-O Rxe2 13. Qxe2 Ncxd4 14.
Nxd4 Nxd4 15. Qa2 Nxb3 16. Rb1 Nxc1 17. Rfxc1 c6 18. Rd1 Qc7 19. Qd2 Bf8
20. Qf4 Qe7 21. Re1 Qd8 22. h4 h5 23. Bf3 Rb8 24. Bxc6 Be6 25. Rxb7 Rxb7
26. Bxb7 Bg7 27. Bd5 Be5 28. Qd2 Qf6 29. Bxe6 Bc3 30. Bxf7+ Kg7 31. Qe2
Bxe1 32. Qxe1 Qxf7 33. Qc3+ Kh7 34. Qd4 Qc7 35. Qd5 Kg7 36. Kg2 Qb6 37. Qe6
Qb7+ 38. Qd5 Qb6 39. Qb5 Qc7 40. Kf3 Qf7+ 41. Ke2 Qe7+ 42. Kd3 Qa7 43. Qb2+
Kh7 44. Qd4 Qb8 45. Kc2 a4 46. Qd3 Qb6 47. Qe3 Qb7 48. f3 Qc7 49. Kd3 Qb7
50. g4 Qb3+ 51. Kd4 Qb6+ 52. Ke4 Qb7+ 53. Kf4 Qf7+ 54. Kg3 hxg4 55. fxg4
Qxc4 56. Qe7+ Kg8 57. Qxd6 Qe4 58. Qd8+ Kh7 59. Qc7+ Kg8 60. Qc8+ Kh7 61.
Qd7+ Kg8 62. Qc8+ Kh7 63. Qc7+ Kg8 64. Qf4 Qd3+ 65. Qf3 Qd6+ 66. Kh3 Qd4
67. Qa8+ Kh7 68. Qb7+ Kh8 69. Qc8+ Kh7 70. Qc7+ Kh8 71. Qb8+ Kh7 72. Qb7+
Kh8 73. Qf3 Kg7 74. Kg2 Qb2+ 75. Kg3 Qe5+ 76. Qf4 Qc3+ 77. Qf3 Qe5+ 78. Kh3
Qd4 79. h5 gxh5 80. gxh5 Kh6 81. Kg2 Qb2+ 82. Kg3 Qe5+ 83. Qf4+ Qxf4+ 84.
Kxf4 Kxh5 85. Ke5 Kg6 86. Kd6 Kf7 87. Kc5 Ke7 88. Kb4 Kd7 89. Kxa4 1/2-1/2

[Event "World Blitz 2023"]
[Site "Samarkand UZB"]
[Date "2023.12.29"]
[EventDate "2023.12.29"]
[Round "7.59"]
[Result "1-0"]
[White "Robert Ruck"]
[Black "Nikolay Averin"]
[WhiteElo "2561"]
[BlackElo "2283"]
[PlyCount "68"]

1. Nf3 d5 2. g3 Nf6 3. Bg2 c6 4. O-O Bg4 5. c4 e6 6. Qb3 Qb6 7. Qc2 Nbd7 8.
cxd5 cxd5 9. d3 Bxf3 10. Bxf3 Be7 11. Nc3 O-O 12. Na4 Qa6 13. Bd2 Rac8 14.
Qd1 b5 15. Nc3 b4 16. Na4 Rc6 17. b3 Rfc8 18. Re1 Nb6 19. Nxb6 Qxb6 20. Bf4
Nd7 21. Bg2 Bf6 22. Rb1 Bc3 23. Rf1 Qa5 24. e4 dxe4 25. dxe4 Ne5 26. Qe2
Qa6 27. Qh5 g6 28. Qg5 Nd3 29. Be3 Qxa2 30. h4 Bb2 31. Rbd1 Qxb3 32. h5 Ne5
33. Rd8+ Rxd8 34. Qxd8+ 1-0

[Event "World Blitz 2023"]
[Site "Samarkand UZB"]
[Date "2023.12.29"]
[EventDate "2023.12.29"]
[Round "7.60"]
[Result "1-0"]
[White "Rustam Khusnutdinov"]
[Black "Mikhail Markov"]
[WhiteElo "2499"]
[BlackElo "2255"]
[PlyCount "66"]

1. Nc3 d5 2. e4 c6 3. Nf3 Bg4 4. h3 Bxf3 5. Qxf3 e6 6. Be2 Nd7 7. d4 Bb4 8.
O-O Bxc3 9. bxc3 dxe4 10. Qxe4 Ne7 11. Rb1 Nb6 12. Bd3 Qd7 13. Ba3 Nbd5 14.
Rb3 Nf6 15. Qh4 O-O 16. Bxe7 Qxe7 17. Bxh7+ Kh8 18. c4 Rfe8 19. Be4+ Kg8
20. Bf3 Rad8 21. Rfb1 Rd7 22. Re3 Red8 23. c3 Qa3 24. c5 Qxa2 25. Ree1 Qc4
26. Re3 e5 27. Be2 Qa2 28. Bd3 exd4 29. Rg3 Qe6 30. Qg5 Ne8 31. Bf5 Qa2 32.
Re1 g6 33. Bxd7 1-0

[Event "World Blitz 2023"]
[Site "Samarkand UZB"]
[Date "2023.12.29"]
[EventDate "2023.12.29"]
[Round "7.61"]
[Result "1/2-1/2"]
[White "Eldiar Orozbaev"]
[Black "Deshun Xiu"]
[WhiteElo "2236"]
[BlackElo "2493"]
[PlyCount "180"]

1. e4 c5 2. c3 d5 3. exd5 Qxd5 4. d4 g6 5. Be3 Bg7 6. dxc5 Qxd1+ 7. Kxd1
Nh6 8. Nd2 Nf5 9. Ngf3 Nxe3+ 10. fxe3 O-O 11. Kc2 a5 12. Bb5 Nd7 13. c6 Nc5
14. Nd4 e5 15. N4b3 Bf5+ 16. Kd1 bxc6 17. Bxc6 Rac8 18. Bb5 Rfd8 19. Ke2
Nd3 20. h3 Nxb2 21. e4 Be6 22. Nxa5 Rxc3 23. Rhc1 Rg3 24. Kf2 Ra3 25. Ndb3
Bf8 26. Nc6 Rda8 27. Nc5 Rxa2 28. Rxa2 Rxa2 29. Kg1 Bxc5+ 30. Rxc5 Nd1 31.
Rxe5 Ne3 32. Rg5 h5 33. Rg3 Nc2 34. Rc3 Ne1 35. Bf1 Kg7 36. Nd4 Rd2 37. Nb5
Nc2 38. e5 Bd5 39. Nc7 Be4 40. Ne8+ Kf8 41. Nf6 Bb7 42. Rc7 Bd5 43. Nxd5
Rxd5 44. Rxc2 Rxe5 45. Rf2 Kg7 46. Bc4 Re7 47. Rd2 Rc7 48. Ba2 Ra7 49. Kf2
Ra3 50. Bc4 Rc3 51. Rd4 Rc2+ 52. Be2 Rc3 53. h4 Rc7 54. g3 Re7 55. Bd3 Rc7
56. Kf3 Re7 57. Kf4 Rc7 58. Bc4 Rc5 59. Bd5 Rc1 60. Rb4 Rf1+ 61. Bf3 Ra1
62. Rb7 Ra4+ 63. Ke5 Ra1 64. Bd5 Rf1 65. Kd6 Kf8 66. Rb3 Rf6+ 67. Kd7 Kg7
68. Ke7 Rf5 69. Rd3 Re5+ 70. Kd6 Rf5 71. Kd7 Rf6 72. Bb3 Rf5 73. Ba2 Rf6
74. Bd5 Rf5 75. Kd6 Rf6+ 76. Ke7 Rf5 77. Rd1 Re5+ 78. Kd6 Rf5 79. Rb1 Rf6+
80. Kc5 Rf5 81. Rb3 Rf6 82. Kd4 Rf5 83. Rf3 Rxf3 84. Bxf3 Kh6 85. Ke5 g5
86. hxg5+ Kxg5 87. Ke4 f5+ 88. Ke5 h4 89. gxh4+ Kxh4 90. Kxf5 1/2-1/2

[Event "World Blitz 2023"]
[Site "Samarkand UZB"]
[Date "2023.12.29"]
[EventDate "2023.12.29"]
[Round "7.62"]
[Result "0-1"]
[White "Sandipan Chanda"]
[Black "Khumoyun Begmuratov"]
[WhiteElo "2490"]
[BlackElo "2276"]
[PlyCount "84"]

1. e3 d5 2. f4 g6 3. Nf3 Bg7 4. g3 Nf6 5. Bg2 O-O 6. O-O c5 7. d4 b6 8. c3
Qc7 9. Nbd2 Nc6 10. Re1 e6 11. b3 Bb7 12. Bb2 Nd7 13. Rc1 Rfd8 14. Qe2 Rac8
15. g4 Qd6 16. Ne5 f6 17. Nxd7 Qxd7 18. Rcd1 Qd6 19. Qf2 a5 20. a4 Qe7 21.
e4 dxe4 22. dxc5 f5 23. cxb6 Nb4 24. cxb4 Bxb2 25. Nxe4 Bxe4 26. Bxe4 Bc3
27. b7 Rb8 28. Bg2 Qxb4 29. Kh1 Bxe1 30. Rxe1 Rxb7 31. Bxb7 Qxb7+ 32. Qg2
Qxb3 33. Qe2 Qd5+ 34. Kg1 Kf7 35. Qb2 Qd4+ 36. Qxd4 Rxd4 37. gxf5 gxf5 38.
Re5 Rxa4 39. Kg2 Kf6 40. Kg3 Ra3+ 41. Kh4 a4 42. h3 Rf3 0-1

[Event "World Blitz 2023"]
[Site "Samarkand UZB"]
[Date "2023.12.29"]
[EventDate "2023.12.29"]
[Round "7.63"]
[Result "1-0"]
[White "Ilia Iljiushenok"]
[Black "David Akhmedov"]
[WhiteElo "2479"]
[BlackElo "2154"]
[PlyCount "88"]

1. e4 c5 2. c3 Nf6 3. e5 Nd5 4. Nf3 d6 5. d4 cxd4 6. exd6 e6 7. Nxd4 Bxd6
8. g3 O-O 9. Bg2 Nc6 10. Nxc6 bxc6 11. O-O Ba6 12. Re1 Qb6 13. Nd2 Rad8 14.
a3 Nf6 15. Qf3 c5 16. c4 Be7 17. b3 Rd4 18. Nf1 Rfd8 19. Be3 Rd3 20. b4
Bxc4 21. Rec1 Bd5 22. Qe2 Bxg2 23. Kxg2 Qb7+ 24. Kg1 cxb4 25. axb4 Qxb4 26.
Rxa7 Bf8 27. Bg5 Qe4 28. Qxe4 Nxe4 29. Bxd8 Rxd8 30. Rac7 Nd6 31. Ne3 h6
32. Kg2 Kh7 33. Rd1 Rb8 34. Rd7 Rb6 35. Ng4 Kg8 36. Ne5 g6 37. Ra1 Rb8 38.
Raa7 Rb2 39. Nxf7 Ne4 40. Ne5 Rxf2+ 41. Kg1 Rf6 42. Rd8 Ng5 43. Kg2 Nf7 44.
Nd7 1-0

[Event "World Blitz 2023"]
[Site "Samarkand UZB"]
[Date "2023.12.29"]
[EventDate "2023.12.29"]
[Round "7.64"]
[Result "0-1"]
[White "Roman Shogdzhiev"]
[Black "Gabriel Gaehwiler"]
[WhiteElo "2117"]
[BlackElo "2448"]
[PlyCount "146"]

1. e4 c5 2. Nf3 d6 3. d4 cxd4 4. Nxd4 Nf6 5. Nc3 a6 6. g3 e5 7. Nde2 Be7 8.
Bg2 O-O 9. O-O b6 10. Nd5 Nxd5 11. Qxd5 Ra7 12. Nc3 Be6 13. Qd1 Nd7 14. Be3
Nf6 15. a4 Rb7 16. Qd3 Qa8 17. Rfd1 Rc8 18. Nd5 Nxd5 19. exd5 Bg4 20. f3
Bh5 21. c4 Rbc7 22. b3 Bg6 23. Qe2 Qb7 24. Qf2 Rb8 25. Bf1 Bf5 26. a5 bxa5
27. Bd3 Bg6 28. Bxg6 hxg6 29. Rd3 Qc8 30. Rxa5 Rcb7 31. Qa2 Qf5 32. Qe2
Rxb3 33. Rxb3 Rxb3 34. Kg2 Qb1 35. Bf2 Rb2 36. Qe3 Qc2 37. h4 Qxc4 38. Qa7
Bf6 39. Qxa6 Qc2 40. Qa7 e4 41. Ra3 Qe2 42. Re3 exf3+ 43. Rxf3 Qe4 44. Qe3
Qxe3 45. Rxe3 Bd4 46. Rf3 f5 47. Kf1 Bxf2 48. Rxf2 Rxf2+ 49. Kxf2 Kh7 50.
Kf3 Kh6 51. g4 g5 52. h5 fxg4+ 53. Kxg4 g6 54. hxg6 Kxg6 55. Kf3 Kf5 56.
Kg3 Ke5 57. Kg4 Kxd5 58. Kxg5 Ke4 59. Kg4 d5 60. Kg3 Ke3 61. Kg2 Ke2 62.
Kg3 d4 63. Kf4 d3 64. Ke4 d2 65. Kd4 d1=Q+ 66. Ke5 Ke3 67. Kf5 Qd5+ 68. Kf6
Kf4 69. Ke7 Qc6 70. Kf7 Kf5 71. Ke7 Qc7+ 72. Ke8 Kf6 73. Kf8 Qd8# 0-1

[Event "World Blitz 2023"]
[Site "Samarkand UZB"]
[Date "2023.12.29"]
[EventDate "2023.12.29"]
[Round "7.65"]
[Result "1-0"]
[White "Jaloliddin Ilkhomi"]
[Black "Arystan Isanzhulov"]
[WhiteElo "2054"]
[BlackElo "2431"]
[PlyCount "152"]

1. Nf3 Nf6 2. c4 d6 3. d4 g6 4. Nc3 Bf5 5. e3 Bg7 6. Bd3 Bg4 7. h3 Bxf3 8.
Qxf3 Nc6 9. a3 O-O 10. Qe2 e5 11. dxe5 dxe5 12. O-O Nd7 13. Rd1 Qc8 14. Bc2
a5 15. Nd5 Re8 16. Rb1 a4 17. Bd2 Nc5 18. Bc3 Na5 19. Bb4 Na6 20. Ne7+ Rxe7
21. Bxe7 Nc6 22. Bh4 Nc5 23. Bg3 Qe6 24. Rd5 b6 25. Rbd1 Re8 26. R1d2 h6
27. Qd1 Ra8 28. Qe2 Bf6 29. Qd1 Na5 30. Qe2 Kg7 31. Rd1 Nc6 32. Qg4 Na5 33.
Qxe6 fxe6 34. Rd7+ Nxd7 35. Rxd7+ Kg8 36. Bxg6 Nxc4 37. Bf7+ Kh8 38. Bxe6
Nxb2 39. Rxc7 Re8 40. Bd5 Rd8 41. e4 Nd3 42. Rc6 Be7 43. Rxh6+ Kg7 44. Rxb6
Bxa3 45. Ra6 Rc8 46. Rxa4 Rc1+ 47. Kh2 Bc5 48. Rc4 Bd4 49. Rxc1 Nxc1 50.
Bc4 Kf6 51. f3 Be3 52. Bh4+ Kg6 53. Be7 Kh5 54. Ba3 Kh4 55. g3+ Kh5 56. Kg2
Kg5 57. h4+ Kh5 58. Kh3 Kh6 59. Kg4 Kg6 60. Bb2 Kf6 61. f4 Kg6 62. Bxe5 Bd2
63. Bb2 Kh6 64. Bxc1 Bxc1 65. e5 Kg7 66. Kf5 Bb2 67. g4 Ba3 68. h5 Be7 69.
g5 Kh8 70. Kg6 Bf6 71. Kf7 Bg7 72. e6 Bd4 73. e7 Kh7 74. e8=Q Be5 75. f5
Bf6 76. Qg8# 1-0

[Event "World Blitz 2023"]
[Site "Samarkand UZB"]
[Date "2023.12.29"]
[EventDate "2023.12.29"]
[Round "7.66"]
[Result "1-0"]
[White "Mittal Aditya"]
[Black "Daler Vakhidov"]
[WhiteElo "2425"]
[BlackElo "2110"]
[PlyCount "128"]

1. d4 Nf6 2. c4 c5 3. d5 b5 4. cxb5 a6 5. bxa6 g6 6. Nc3 Bg7 7. e4 O-O 8.
Nf3 Qa5 9. Bd2 Bxa6 10. Be2 Qb4 11. Qc2 Bxe2 12. Kxe2 Na6 13. Rhe1 Qc4+ 14.
Qd3 Qxd3+ 15. Kxd3 Nb4+ 16. Kc4 Nc2 17. e5 Nxe1 18. Rxe1 Ne8 19. Bf4 Rb8
20. Nb5 Ra8 21. Kb3 d6 22. a4 dxe5 23. Nxe5 Nf6 24. Rd1 Nh5 25. g3 g5 26.
Nd7 Rfd8 27. Nb6 gxf4 28. Nxa8 Rxa8 29. Rc1 fxg3 30. hxg3 Nf6 31. Rxc5 Ne4
32. Rc7 Bf6 33. Rc6 Nxf2 34. d6 exd6 35. Rxd6 Ne4 36. Rc6 Be7 37. Nc7 Rb8+
38. Nb5 Nc5+ 39. Kb4 Ne4+ 40. Kc4 Nxg3 41. a5 h5 42. a6 Ra8 43. a7 h4 44.
Ra6 Bd8 45. Kd5 Kg7 46. Kc6 h3 47. Ra3 Nf5 48. Rxh3 Nd4+ 49. Kb7 Nxb5 50.
Kxa8 Bb6 51. Rb3 Bxa7 52. Rxb5 Bd4 53. b4 Kg6 54. Rd5 Be3 55. b5 f5 56. Kb7
Kg5 57. b6 Kg4 58. Rd3 Bg1 59. Kc6 f4 60. b7 Ba7 61. Ra3 Bb8 62. Ra8 Be5
63. Kd5 Bc7 64. Rc8 1-0

[Event "World Blitz 2023"]
[Site "Samarkand UZB"]
[Date "2023.12.29"]
[EventDate "2023.12.29"]
[Round "7.67"]
[Result "1/2-1/2"]
[White "Andrey Gorovets"]
[Black "Faustino Oro"]
[WhiteElo "2418"]
[BlackElo "2105"]
[PlyCount "86"]

1. Nf3 Nf6 2. c4 e6 3. g3 d5 4. Bg2 Be7 5. d4 O-O 6. Nc3 dxc4 7. Ne5 c5 8.
dxc5 Qxd1+ 9. Nxd1 Bxc5 10. Bd2 Rd8 11. Rc1 Nd5 12. Rxc4 Bd6 13. Nd3 Bd7
14. Nc3 Bc6 15. Nxd5 Bxd5 16. Bxd5 exd5 17. Rd4 Be7 18. Nf4 Nc6 19. Rxd5
Bf6 20. Rxd8+ Rxd8 21. Nd3 Kf8 22. Be3 b6 23. Kf1 Na5 24. Kg2 Nc4 25. Bc1
Rc8 26. Rd1 Na5 27. b3 Ke7 28. Ba3+ Ke8 29. Rc1 Kd7 30. Rxc8 Kxc8 31. f4
Nc6 32. e3 Kd7 33. g4 g6 34. Kf3 Bc3 35. Ke4 Ke6 36. h3 f5+ 37. Kf3 Nd8 38.
e4 Nc6 39. exf5+ gxf5 40. g5 Nd4+ 41. Kf2 Kd5 42. Bb4 Bxb4 43. Nxb4+ Ke4
1/2-1/2

[Event "World Blitz 2023"]
[Site "Samarkand UZB"]
[Date "2023.12.29"]
[EventDate "2023.12.29"]
[Round "7.68"]
[Result "0-1"]
[White "Gallego Alcaraz, Andres Felipe"]
[Black "Bakhrom Bakhrillaev"]
[WhiteElo "2384"]
[BlackElo "1994"]
[PlyCount "158"]

1. d4 Nf6 2. c4 g6 3. Nc3 Bg7 4. Nf3 d6 5. g3 O-O 6. Bg2 c6 7. O-O Bf5 8.
b3 Ne4 9. Bb2 Nxc3 10. Bxc3 Be4 11. Qd2 Nd7 12. Bh3 Bxf3 13. exf3 d5 14. f4
e6 15. Rfd1 a5 16. Rab1 Qc7 17. Qe2 a4 18. Rdc1 Rfe8 19. Bf1 a3 20. Rd1 Nf6
21. Rbc1 Ne4 22. Ba1 Qd7 23. Bg2 Nd6 24. Bf1 Ne4 25. Kg2 Rec8 26. h4 h5 27.
Qe3 Nd6 28. Bd3 Nf5 29. Qd2 Nxd4 30. Bxd4 Bxd4 31. Bxg6 Bb2 32. Bxh5 Bxc1
33. Qxc1 Qe7 34. Qc3 f5 35. Bf3 Qg7 36. Qe3 Re8 37. Re1 Re7 38. Qc5 Rd8 39.
Qxa3 d4 40. Qc1 d3 41. Qd2 Qd4 42. Re3 Kf7 43. Re5 Kf6 44. Re3 b5 45. Bxc6
bxc4 46. bxc4 Qxc4 47. Qb2+ Kf7 48. Bf3 d2 49. Bh5+ Kg8 50. Bd1 Qd4 51. Qa3
Rc7 52. Qb3 Qd5+ 53. Qxd5 Rxd5 54. Kf1 Kf7 55. Ke2 Rc1 56. a4 Ra1 57. h5
Rd6 58. Re5 Rc6 59. Bb3 Rb1 60. Bd1 Rcc1 61. Kxd2 Rxd1+ 62. Kc3 Rdc1+ 63.
Kd2 Rc6 64. Ra5 Rb2+ 65. Ke3 Rc3+ 66. Kd4 Ra3 67. Ra7+ Kf6 68. h6 Rxf2 69.
h7 Rh2 70. Kc4 Rxg3 71. a5 Rgh3 72. Kb5 Rxh7 73. Ra8 Rb2+ 74. Ka6 Rh4 75.
Rf8+ Ke7 76. Rc8 Rxf4 77. Rc5 Ra4 78. Ka7 Rba2 79. Ka6 Rxa5+ 0-1

[Event "World Blitz 2023"]
[Site "Samarkand UZB"]
[Date "2023.12.29"]
[EventDate "2023.12.29"]
[Round "7.69"]
[Result "1-0"]
[White "Akmal Fayzullaev"]
[Black "Abdumajid Botiraliev"]
[WhiteElo "2342"]
[BlackElo "1515"]
[PlyCount "46"]

1. d4 Nf6 2. c4 e6 3. Nc3 d5 4. Bg5 Be7 5. e3 O-O 6. Qc2 Nbd7 7. Nf3 c6 8.
cxd5 exd5 9. Bd3 Re8 10. h3 Nf8 11. O-O Ng6 12. Ne5 Nd7 13. Bxe7 Qxe7 14.
f4 f6 15. Nxg6 Qxe3+ 16. Kh2 hxg6 17. Bxg6 Rd8 18. Rae1 Qxd4 19. Re7 Nf8
20. Bf7+ Kh8 21. Qe2 Nh7 22. Qh5 Qd3 23. Bg6 1-0

[Event "World Blitz 2023"]
[Site "Samarkand UZB"]
[Date "2023.12.29"]
[EventDate "2023.12.29"]
[Round "7.70"]
[Result "0-1"]
[White "Ernur Amangeldy"]
[Black "Sinisa Drazic"]
[WhiteElo "2144"]
[BlackElo "2276"]
[PlyCount "166"]

1. d4 d5 2. Nc3 c6 3. Bf4 Bf5 4. e3 Nf6 5. Nf3 e6 6. Bd3 Bd6 7. Ne5 Qc7 8.
Bg3 Nbd7 9. f4 g6 10. O-O h5 11. Bh4 Kf8 12. Qe2 Kg7 13. e4 dxe4 14. Nxe4
Nxe4 15. Bxe4 Bxe4 16. Qxe4 c5 17. Bf2 Nf6 18. Qf3 cxd4 19. Bxd4 Bc5 20.
Bxc5 Qxc5+ 21. Kh1 Qd5 22. Qxd5 Nxd5 23. c4 Ne3 24. Rf3 Ng4 25. h3 Nxe5 26.
fxe5 Rhd8 27. Raf1 Rd7 28. b3 Rc8 29. Kg1 Rc5 30. Re3 b5 31. cxb5 Rxb5 32.
Rf2 Rd1+ 33. Kh2 Rdd5 34. Ref3 Rb7 35. Re3 h4 36. Re4 g5 37. Re3 Rbb5 38.
Ref3 Rd7 39. Re3 Rc5 40. g3 Rd4 41. Ref3 hxg3+ 42. Kxg3 Rc7 43. Re3 Kg6 44.
Rf6+ Kg7 45. Rf2 Rcd7 46. Kg2 Kg6 47. Kg3 Rd3 48. Rf6+ Kg7 49. Rff3 Rd2 50.
Kg4 Rg2+ 51. Rg3 Rxg3+ 52. Kxg3 Rd5 53. b4 Kg6 54. a3 a6 55. Kg4 Rd4+ 56.
Kg3 Rd2 57. Kg4 Rd1 58. Kg3 Rg1+ 59. Kf2 Rc1 60. Kg3 Rc4 61. Kg2 Rc7 62.
Kg3 Kf5 63. Kg2 Kf4 64. Re2 Rd7 65. Rb2 Kxe5 66. a4 Rb7 67. Kf3 f5 68. b5
axb5 69. axb5 Rb6 70. Ke3 Kd5 71. Rg2 Rxb5 72. Rxg5 Rb3+ 73. Kf4 Rxh3 74.
Rg8 Rh4+ 75. Kf3 Ke5 76. Ra8 Rh3+ 77. Kg2 Rc3 78. Kf2 Ke4 79. Ra4+ Kd5 80.
Ra5+ Rc5 81. Ra4 Rc4 82. Ra5+ Ke4 83. Ra2 0-1

[Event "World Blitz 2023"]
[Site "Samarkand UZB"]
[Date "2023.12.29"]
[EventDate "2023.12.29"]
[Round "7.71"]
[Result "1-0"]
[White "Felix Xie"]
[Black "Timur Yonal"]
[WhiteElo "2107"]
[BlackElo "1862"]
[PlyCount "102"]

1. Nf3 Nf6 2. b3 g6 3. Bb2 Bg7 4. g3 O-O 5. Bg2 d6 6. d4 Nbd7 7. O-O Re8 8.
a4 c6 9. Nbd2 Qc7 10. e4 e5 11. Re1 Nf8 12. dxe5 dxe5 13. Nc4 Bg4 14. h3
Rad8 15. Qe2 Bxf3 16. Bxf3 N6d7 17. Ba3 Nb6 18. Rad1 Nxc4 19. Qxc4 Ne6 20.
c3 Rxd1 21. Rxd1 Rd8 22. Qe2 Rd7 23. Bg4 Qd8 24. Rxd7 Qxd7 25. Qc4 h5 26.
Bxe6 fxe6 27. Bc5 b6 28. Be3 Kf7 29. Kg2 Bf8 30. b4 Be7 31. Qe2 Kg7 32. Qc4
Kf7 33. Qa6 Qc7 34. a5 c5 35. bxc5 bxc5 36. Qb5 Qc8 37. a6 Bd6 38. Kf3 Ke7
39. Kg2 Qd7 40. Qb3 Kd8 41. c4 Qc6 42. Qa3 Qxe4+ 43. Kh2 Qc6 44. Qd3 e4 45.
Qa3 Kd7 46. Qb2 h4 47. Qg7+ Be7 48. Bg5 Qd6 49. Bxh4 e3 50. Bxe7 Qxe7 51.
Qxe7+ Kxe7 1-0

[Event "World Blitz 2023"]
[Site "Samarkand UZB"]
[Date "2023.12.29"]
[EventDate "2023.12.29"]
[Round "7.72"]
[Result "0-1"]
[White "Khalil Nafri"]
[Black "Kirill Shevchenko"]
[WhiteElo "2151"]
[BlackElo "2603"]
[PlyCount "54"]

1. e4 c5 2. Nf3 d6 3. d4 cxd4 4. Nxd4 Nf6 5. Nc3 Nc6 6. Bc4 Bd7 7. Bb3 g6
8. f3 Bg7 9. Be3 O-O 10. Qd2 Nxd4 11. Bxd4 b5 12. h4 a5 13. Nd5 a4 14.
Nxf6+ Bxf6 15. Bxf6 axb3 16. Bc3 Rxa2 17. Rb1 bxc2 18. Qxc2 b4 19. Bxb4 Qb6
20. Bc3 Rc8 21. Qd2 e5 22. h5 Bb5 23. hxg6 fxg6 24. Qd5+ Kf8 25. Rxh7 Qe3+
26. Kd1 Qe2+ 27. Kc1 Rxc3+ 0-1

[Event "World Blitz 2023"]
[Site "Samarkand UZB"]
[Date "2023.12.29"]
[EventDate "2023.12.29"]
[Round "7.73"]
[Result "1-0"]
[White "Roman Kezin"]
[Black "Miraziz Kuziev"]
[WhiteElo "2492"]
[BlackElo "2196"]
[PlyCount "36"]

1. Nf3 Nf6 2. d4 e6 3. c4 b6 4. g3 Bb7 5. Bg2 Bb4+ 6. Nbd2 O-O 7. O-O d5 8.
b3 dxc4 9. Nxc4 c5 10. Bb2 cxd4 11. Qxd4 Bc5 12. Qh4 Nbd7 13. Rad1 h6 14.
Bxf6 gxf6 15. Qxh6 Qe7 16. b4 Bxb4 17. Rd4 Bxf3 18. Rh4 1-0

[Event "World Blitz 2023"]
[Site "Samarkand UZB"]
[Date "2023.12.29"]
[EventDate "2023.12.29"]
[Round "7.74"]
[Result "0-1"]
[White "Raymond Song"]
[Black "Shahruh Turayev"]
[WhiteElo "2383"]
[BlackElo "2168"]
[PlyCount "138"]

1. d4 d5 2. c4 dxc4 3. Nf3 Nf6 4. e3 Bg4 5. Bxc4 e6 6. Nc3 a6 7. h3 Bh5 8.
O-O Nc6 9. Be2 Bd6 10. Nd2 Bxe2 11. Qxe2 O-O 12. Nc4 b5 13. Nd2 Qe7 14. b3
Rfd8 15. Bb2 Ba3 16. Bxa3 Qxa3 17. Nce4 Qe7 18. Rfc1 Nxe4 19. Nxe4 Nb4 20.
Rc5 Nd5 21. Rac1 b4 22. Rc6 a5 23. Qc4 h6 24. Qc5 Qh4 25. Nd2 a4 26. e4 Nc3
27. Re1 Qf4 28. Nf3 axb3 29. axb3 Nxe4 30. Qxb4 Ra2 31. Qe7 Rf8 32. Qxc7
Qxc7 33. Rxc7 Nxf2 34. b4 Nd3 35. Rb1 Nf4 36. b5 Rxg2+ 37. Kf1 Rg3 38. Ne5
Nd5 39. Rb7 Rxh3 40. Kg2 Rh4 41. Nc6 Ra8 42. Rb2 Rg4+ 43. Kf2 Rf4+ 44. Kg2
Rg4+ 45. Kf2 Rh4 46. Kg2 Ra3 47. b6 Nf4+ 48. Kg1 Ra1+ 49. Kf2 Rh2+ 50. Kg3
Rxb2 51. Kxf4 Rab1 52. Ne7+ Kh7 53. Nc8 Kg6 54. Ke5 h5 55. Ne7+ Kg5 56. Nc8
h4 57. Rxf7 g6 58. Kxe6 h3 59. Rh7 h2 60. d5 h1=Q 61. Rxh1 Rxh1 62. d6 Re1+
63. Kf7 Rd1 64. Ke7 Kf4 65. d7 g5 66. d8=Q Re2+ 67. Kf7 Rxd8 68. Ne7 Rxe7+
69. Kxe7 Rb8 0-1

[Event "World Blitz 2023"]
[Site "Samarkand UZB"]
[Date "2023.12.29"]
[EventDate "2023.12.29"]
[Round "7.75"]
[Result "1-0"]
[White "Jamshid Mustafaev"]
[Black "Nikolay Tregubenko"]
[WhiteElo "2323"]
[BlackElo "1955"]
[PlyCount "84"]

1. e4 c5 2. Nf3 d6 3. d3 g6 4. g3 Bg7 5. Bg2 e6 6. O-O Nc6 7. Nbd2 Nge7 8.
a4 O-O 9. Re1 b6 10. Nc4 Qc7 11. c3 e5 12. Ne3 Be6 13. Nd2 Rad8 14. Nd5
Bxd5 15. exd5 Nb8 16. Nc4 f5 17. f4 Nd7 18. Qb3 Kh8 19. a5 Rb8 20. axb6
Nxb6 21. fxe5 Nxc4 22. Qxc4 Bxe5 23. d4 Bf6 24. dxc5 dxc5 25. Bf4 Qd7 26.
Bxb8 Rxb8 27. Qa6 Kg7 28. Qxa7 Rb7 29. Qxc5 Nc8 30. Qc6 Qf7 31. d6 Rb8 32.
Qc7 Qxc7 33. dxc7 Rxb2 34. Ra8 Nd6 35. c8=Q Nxc8 36. Rxc8 Rc2 37. c4 Bd4+
38. Kh1 g5 39. Rf1 Kg6 40. Rc6+ Bf6 41. g4 f4 42. Be4+ 1-0